000 00297nam a22001337a 4500
008 171030b xxu||||| |||| 00| 0 eng d
020 _a9781259027628
041 _aeng
080 _a336
100 _a56
101 _aFIN
245 _aFUNDAMENTALS OF CORPORATE FINANCE
_cROSS
942 _2udc
_cBK
999 _c36452
_d36452